| 000 | 02922nam0a2200505 4500 | ||
|---|---|---|---|
| 001 | RU\NLR\BIBL_A\011945442 | ||
| 005 | 20250809113139.0 | ||
| 020 |
_aRU _9Ленинград в Великой Отечественной войне. Коллекция. Афиши |
||
| 035 | _a(NLR Aleph) 011945442 | ||
| 090 |
_a65502 _c65502 |
||
| 100 | _a20190225d1944 u y0rusy50 ca | ||
| 101 | 0 | _arus | |
| 102 | _aRU | ||
| 105 | _ay z 000zy | ||
| 135 | _acrcn 024anaba | ||
| 200 | 1 |
_aСтаринные водевили П.А. Каратыгина, Апрель 1944 г., понедельник 24 _e[афиша] _fУправление по делам искусств Исполкома Ленгорсовета, Зал камерных концертов |
|
| 210 |
_a[Ленинград] _cЛТ УН-9 _d1944 |
||
| 215 |
_a1 л. _d36х53 |
||
| 300 | _aНачало в 19 часов. Билеты продаются в кассе зала от 11 до 19 час. | ||
| 300 | _aЗак. 1002 | ||
| 325 | _aКопия доступна в Электрон. б-ке РНБ | ||
| 327 | _a1. Виц-мундир. 2 Дядушка на трех ногах. Участвуют: А.А. Виноградов, Е.Г. Гаршина, А.К. де-Лазари [и др.]. Постановка О.А. Смирновой. Танцы поставлены Т.И. Шмыровой. Муз. сопровождение О.А. Нореико | ||
| 517 | 1 | _aВиц-мундир | |
| 517 | 1 | _aДядушка на трех ногах | |
| 606 | 1 |
_aТеатральная жизнь _yЛенинград, город _z1941 - 1944 _jАфиши _2nlr_sh2 _3RU\NLR\AUTH\6601649837 |
|
| 686 | _aЩ333(2Р=Рус)7- 692Ленинград | ||
| 702 | 1 |
_aКаратыгин _bП. А. _cактер, переводчик, драматург _f1805-1879 _gПетр Андреевич _3RU\NLR\AUTH\7786173 _4005 |
|
| 712 | 0 | 2 |
_aЗал камерных концертов _cЛенинград _3RU\NLR\AUTH\880495405 _4570 |
| 852 |
_aNLR _jЛ3-330а/12/3/1944-апр.(8) |
||
| 856 | 0 | _uhttp://vivaldi.nlr.ru/la700000156/view | |
| 856 | 1 | _uhttp://vivaldi.nlr.ru/la700000156/cover | |
| 856 | 2 | _uhttp://vivaldi.nlr.ru/la700000156/text | |
| 942 | _cVISUAL | ||
| 945 | _aРоссийская национальная библиотека | ||
| 980 | _aNB | ||
| 980 | _aBV | ||
| 980 | 3 | _akplen | |
| 980 | 3 | _akp | |
| 981 | 3 | 7 |
_a(37) Ленинград в Великой Отечественной войне _b(37) Афиши блокадного Ленинграда |